000 00541nam a22001817a 4500
005 20251108173105.0
008 250721s2003 xx 000 0 ara d
082 1 4 _a337/كيل
100 1 _aكيلة، سلامة
245 1 0 _aالعولمة الراهنة /
264 1 _aدمشق :
_bنينوى للنشر و التوزيع،
_c2003.
300 _a191ص.
490 0 _aالسلسلة السياسية الفكرية
_v8
650 1 7 _aالإقتصاد الدولي
650 1 7 _aالتدويل
942 _2ddc
_cBK
999 _c95823
_d95823